MARC details
| 000 -LEADER |
| fixed length control field |
01452cam a2200253 4500 |
| 001 - CONTROL NUMBER |
| control field |
1342343 |
| 003 - CONTROL NUMBER IDENTIFIER |
| control field |
BDDh-ASL |
| 005 - DATE AND TIME OF LATEST TRANSACTION |
| control field |
20231015030259.0 |
| 008 - FIXED-LENGTH DATA ELEMENTS--GENERAL INFORMATION |
| fixed length control field |
720717t19661941nyu b 011 0 eng |
| 010 ## - LIBRARY OF CONGRESS CONTROL NUMBER |
| LC control number |
79160004 |
| 040 ## - CATALOGING SOURCE |
| Original cataloging agency |
DLC |
| Transcribing agency |
DLC |
| Modifying agency |
DLC |
| -- |
BDDh-ASL |
| 050 00 - LIBRARY OF CONGRESS CALL NUMBER |
| Classification number |
B759.M34 |
| Item number |
E8 1966 |
| 082 ## - DEWEY DECIMAL CLASSIFICATION NUMBER |
| Classification number |
922 |
| Item number |
BAE |
| 245 00 - TITLE STATEMENT |
| Title |
Essays on Maimonides: |
| Remainder of title |
an octocentennial volume / |
| Statement of responsibility, etc. |
Edited by Salo Wittmayer Baron. |
| 260 ## - PUBLICATION, DISTRIBUTION, ETC. |
| Place of publication, distribution, etc. |
New York : |
| Name of publisher, distributor, etc. |
AMS Press, |
| Date of publication, distribution, etc. |
1966 [c1941] |
| 300 ## - PHYSICAL DESCRIPTION |
| Extent |
316 p. : |
| Dimensions |
24 cm. |
| 504 ## - BIBLIOGRAPHY, ETC. NOTE |
| Bibliography, etc. note |
Includes bibliographical references. |
| 505 0# - FORMATTED CONTENTS NOTE |
| Formatted contents note |
The celebration of the eight-hundredth anniversary of the birth of Moses Maimonides, Casa de las EspaƱas, Columbia University, March 30, 1935: Introduction by N. M. Butler. Moses Maimonides, the philosopher, by R. McKeon. Maimonides, the scientist, by R. Gottheil. Maimonides, the leader and lawgiver, by S. W. Baron.--Homage to Maimonides, by E. Gilson.--The literary character of the Guide for the perplexed, by L. Strauss.--Maimonides' treaties on resurrection: a comparative study, by J. Finkel.--A responsum of Maimonides, by R. Gottheil.--The economic views of Maimonides, by S. W. Baron.--The medical work of Maimonides, by M. Meyerhof. |
| 600 10 - SUBJECT ADDED ENTRY--PERSONAL NAME |
| Personal name |
Maimonides, Moses, |
| Dates associated with a name |
1135-1204. |
| 700 1# - ADDED ENTRY--PERSONAL NAME |
| Personal name |
Maimonides, Moses, |
| Dates associated with a name |
1135-1204. |
| 700 1# - ADDED ENTRY--PERSONAL NAME |
| Personal name |
Baron, Salo W. |
| Fuller form of name |
(Salo Wittmayer), |
| Dates associated with a name |
1895-1989, |
| Relator term |
ed. |
| 906 ## - LOCAL DATA ELEMENT F, LDF (RLIN) |
| a |
7 |
| b |
cbc |
| c |
orignew |
| d |
2 |
| e |
ncip |
| f |
19 |
| g |
y-gencatlg |
| 942 ## - ADDED ENTRY ELEMENTS (KOHA) |
| Source of classification or shelving scheme |
Dewey Decimal Classification |
| Koha item type |
Books |